| 000 | 00675nam a2200169 a 4500 | ||
|---|---|---|---|
| 008 | 201117s2015 ||||||||||||||||| || u | ||
| 020 | _a9780192742759 | ||
| 050 | _aPZ 7.R25576 | ||
| 100 | _aReeve, Philip | ||
| 245 | 1 | 0 |
_aRailhead _cBy Phili Reeve |
| 260 |
_aOxford _bOxford University Press _c2015 |
||
| 300 | _a299 pages | ||
| 350 | _a31.28 | ||
| 650 | _aENGLISH LANGUAGE | ||
| 995 |
_aFICTION Collection _D45.91 _e750529 _FCBU-MAIN LIBRARY (Kitwe) _jPZ 7.R25576 _M2 _UAVAILABLE _WDec 7, 2020 _y750529 _ZFiction Collection |
||
| 995 |
_aFICTION Collection _D31.28 _e905213 _FCBU-SCHOOL OF MEDICINE LIBRARY (Ndola) _jPZ 7.R25576 _M1 _UAVAILABLE _WNov 19, 2020 _y905213 _ZFiction Collection |
||
| 999 |
_c79948 _d79948 |
||